000 00813nam a2200253Ia 4500
003 OSt
005 20220923222237.0
006 a|||||r|||| 00| 0
007 ta
008 Pun
024 _a203,941
037 _cTextual
040 _aARTS
_cARTS
_bPun
041 _2Pun
_aPun
082 _aO153,2N15,KA, 152L4
100 _aहरचरन, सिंह; सिंह, महीप, अनु.
_9157815
245 0 _aकल आज और कल
246 _aKal āj aur kala
260 _aदिल्ली
_b राजपाल एंड सन्स
_c1974
300 _a78पृ0
_ccm.
650 _aपंजाबी निबंध
942 _hO153,2N15,KA, 152L4
_cTEXL
_2CC
999 _c354691
_d354691